[Event "19th Dubai Open 2017"]
[Site "Dubai UAE"]
[Date "2017.04.04"]
[Round "2.36"]
[White "Dodeja, Pawan"]
[Black "Xu, Xiangyu"]
[Result "0-1"]
[BlackTitle "IM"]
[WhiteElo "2235"]
[BlackElo "2503"]
[WhiteFideId "5012686"]
[BlackFideId "8608288"]
[EventDate "2017.04.03"]

1. e4 c5 2. Nf3 d6 3. d4 cxd4 4. Nxd4 Nf6 5. Nc3 Nc6 6. Bg5 e6 7. Qd2 a6 8.
O-O-O Bd7 9. f4 h6 10. Bh4 Nxe4 11. Nxe4 Qxh4 12. Nf3 Qe7 13. Qe3 Qd8 14. Nxd6+
Bxd6 15. Rxd6 Qc7 16. Rd2 O-O 17. Be2 Rfc8 18. g3 Nb4 19. Kb1 Bb5 20. c3 Nd5 21.
Qd4 Bxe2 22. Rxe2 Qa5 23. Rc1 Rd8 24. Qe5 Qb6 25. Qd4 Rac8 26. Qxb6 Nxb6 27. Kc2
Nd5 28. Kb1 Nb6 29. Kc2 Rc5 30. Rd1 Nd5 31. Rd4 b5 32. Kd2 Rdc8 33. Ne5 g6 34.
Ke1 Kg7 35. Nd3 R5c7 36. Nb4 Nxb4 37. Rxb4 Rd8 38. Rd2 Rxd2 39. Kxd2 Kf6 40. Rd4
Ke7 41. h4 f5 42. a4 Rc5 43. Ke3 e5 44. fxe5 Rxe5+ 45. Kf3 Rc5 46. axb5 axb5 47.
Rd1 b4 48. cxb4 Rc4 49. Ra1 g5 50. Ra7+ Kf6 51. Ra6+ Kg7 52. hxg5 hxg5 53. Rb6
Kf7 54. Ke3 Rc2 55. Kd4 Re2 56. b3 Re4+ 57. Kd5 Re3 58. b5 Rxg3 59. Ke5 f4 60.
Kf5 Rg1 61. Rf6+ Kg7 62. b6 f3 63. b7 f2 64. Ke6 Re1+ 65. Kd6 Kxf6 66. b8=Q f1=Q
67. Qf8+ Kg6 68. Qg8+ Kh5 69. Qh7+ Kg4 0-1

[Event "19th Dubai Open 2017"]
[Site "Dubai UAE"]
[Date "2017.04.04"]
[Round "2.37"]
[White "Debashis, Das"]
[Black "Ashwath, R."]
[Result "1/2-1/2"]
[WhiteTitle "GM"]
[WhiteElo "2501"]
[BlackElo "2242"]
[WhiteFideId "5024854"]
[BlackFideId "5021049"]
[EventDate "2017.04.03"]

1. d4 d5 2. c4 e6 3. Nc3 Be7 4. cxd5 exd5 5. Bf4 Nf6 6. e3 Bf5 7. Qb3 Nc6 8. a3
Na5 9. Qa2 O-O 10. Nf3 c5 11. dxc5 Bxc5 12. Rd1 Bc2 13. Rd2 Bb3 14. Qb1 h6 15.
Be2 Nh5 16. Be5 Nc6 17. Bd4 Be7 18. O-O Nf6 19. Rc1 Rc8 20. Qf5 Qd6 21. Bd3 Nxd4
22. Nxd4 Bc4 23. Bb1 g6 24. Qh3 h5 25. Rcd1 Rcd8 26. Bd3 Qb8 27. Nde2 Ng4 28.
Nf4 Bd6 29. Nxh5 Bxh2+ 30. Kf1 f5 31. Qh4 Bxd3+ 32. Rxd3 gxh5 33. Nxd5 Be5 34.
Qxh5 Qd6 35. Qg5+ Kh7 36. Nf4 Qa6 37. Kg1 Rxd3 38. Rxd3 Qh6 39. Rd7+ Bg7 40.
Qxh6+ Kxh6 41. Rxb7 Rd8 42. Kf1 Rd2 43. Nh3 Rxb2 44. Rxa7 Nh2+ 45. Kg1 Ng4 46.
g3 Bc3 47. Ra6+ Kg7 48. Ra7+ Kh6 49. Ra4 Be1 50. Rf4 Kg6 51. e4 Nh6 52. a4 Ra2
53. Kf1 Bd2 54. exf5+ Nxf5 55. Re4 Bh6 56. Kg2 Ne3+ 57. Kf3 Nd1 58. Rc4 Nb2 59.
Rc6+ Kh7 60. Rc7+ Kg6 61. Ke4 1/2-1/2

[Event "19th Dubai Open 2017"]
[Site "Dubai UAE"]
[Date "2017.04.04"]
[Round "2.38"]
[White "Rayes, Abdul Kader"]
[Black "Stany, G.A."]
[Result "1/2-1/2"]
[BlackTitle "IM"]
[WhiteElo "2232"]
[BlackElo "2495"]
[WhiteFideId "7600801"]
[BlackFideId "5029104"]
[EventDate "2017.04.03"]

1. e4 e5 2. Nf3 Nc6 3. Bb5 a6 4. Bxc6 dxc6 5. O-O f6 6. d4 exd4 7. Nxd4 c5 8.
Nb3 Qxd1 9. Rxd1 Bd6 10. Nc3 Be6 11. Be3 b6 12. a4 Ne7 13. a5 Bxb3 14. cxb3 b5
15. Nd5 O-O-O 16. Rac1 Rhe8 17. Kf1 Nxd5 18. exd5 Bxh2 19. Bxc5 Bf4 20. Rc3 Kb7
21. Rcd3 Bd6 22. b4 Re4 23. Rd4 Rxd4 24. Rxd4 Be5 25. Rd2 h5 26. b3 Rd7 27. Ke2
Kc8 28. Rd3 g5 29. Ke3 f5 30. Ke2 h4 31. Rf3 f4 32. Rd3 g4 33. Rd1 Rf7 34. Rh1
Bf6 35. Kd3 Bg5 36. f3 g3 37. Ke4 Kd7 38. Ke5 Bd8 39. Ke4 Bg5 40. Ke5 Bd8 41.
Ke4 Bg5 1/2-1/2

[Event "19th Dubai Open 2017"]
[Site "Dubai UAE"]
[Date "2017.04.05"]
[Round "3.1"]
[White "Areshchenko, Alexander"]
[Black "Sunilduth Lyna, Narayanan"]
[Result "1/2-1/2"]
[WhiteTitle "GM"]
[BlackTitle "GM"]
[WhiteElo "2686"]
[BlackElo "2551"]
[WhiteFideId "14109530"]
[BlackFideId "5058422"]
[EventDate "2017.04.03"]

1. e4 e5 2. Nf3 Nc6 3. Bb5 a6 4. Ba4 Nf6 5. O-O b5 6. Bb3 Bb7 7. Re1 Bc5 8. c3
d6 9. d4 Bb6 10. a4 O-O 11. Bg5 h6 12. Bh4 Re8 13. d5 Na5 14. Ba2 g5 15. Bg3 c6
16. axb5 axb5 17. Na3 Nc4 18. Nxc4 bxc4 19. Nd2 cxd5 20. exd5 Bxd5 21. Bxc4 Rxa1
22. Qxa1 Bc6 23. Bf1 h5 24. h4 Ng4 25. hxg5 Qxg5 26. Ne4 Bxe4 27. Rxe4 f5 28.
Qa4 Rf8 29. Qb3+ Kg7 30. Rxg4 hxg4 31. Qxb6 f4 32. Bxf4 exf4 33. Qxd6 g3 34.
Qd4+ Qf6 35. Qd7+ Rf7 36. Qg4+ Qg6 37. Qf3 Qg5 38. Qe4 Qc5 39. Qf3 Qg5 40. Bd3
Re7 41. Be4 gxf2+ 42. Kxf2 Kf8 43. Qd3 Qh4+ 44. Kf1 Qh1+ 45. Kf2 Qh4+ 46. Kf1
Qh1+ 1/2-1/2

[Event "19th Dubai Open 2017"]
[Site "Dubai UAE"]
[Date "2017.04.05"]
[Round "3.3"]
[White "Fier, Alexandr"]
[Black "Akopian, Vladimir"]
[Result "1-0"]
[WhiteTitle "GM"]
[BlackTitle "GM"]
[WhiteElo "2562"]
[BlackElo "2675"]
[WhiteFideId "2107139"]
[BlackFideId "13300032"]
[EventDate "2017.04.03"]

1. e4 c6 2. d4 d5 3. Nc3 dxe4 4. Nxe4 Bf5 5. Ng3 Bg6 6. h4 h6 7. Nf3 Nd7 8. h5
Bh7 9. Bd3 Bxd3 10. Qxd3 e6 11. Bd2 Ngf6 12. O-O-O Be7 13. Kb1 O-O 14. Ne4 Nxe4
15. Qxe4 Nf6 16. Qe2 Qd5 17. Be3 Qb5 18. c4 Qf5+ 19. Ka1 Ng4 20. Bc1 Rad8 21.
Nh4 Bxh4 22. Rxh4 Nf6 23. g4 Qe4 24. Be3 c5 25. f3 Qh7 26. dxc5 Rd7 27. Rhh1
Rfd8 28. Rxd7 Rxd7 29. Rd1 Kf8 30. Bf4 Ke8 31. Bd6 g5 32. a3 Ng8 33. Ka2 Ne7 34.
Qe5 Nc6 35. Qf6 Rd8 36. Rd2 a5 37. b3 Rd7 38. Kb2 Ne7 39. b4 axb4 40. axb4 Nc8
41. Kc3 b6 42. c6 1-0

[Event "19th Dubai Open 2017"]
[Site "Dubai UAE"]
[Date "2017.04.05"]
[Round "3.4"]
[White "Iturrizaga Bonelli, Eduardo"]
[Black "Deepan, Chakkravarthy J."]
[Result "1-0"]
[WhiteTitle "GM"]
[BlackTitle "GM"]
[WhiteElo "2671"]
[BlackElo "2483"]
[WhiteFideId "3901211"]
[BlackFideId "5011132"]
[EventDate "2017.04.03"]

1. c4 Nf6 2. g3 e6 3. Bg2 d5 4. d4 Bb4+ 5. Bd2 Bd6 6. Nc3 c6 7. e4 dxe4 8. Nxe4
Nxe4 9. Bxe4 e5 10. dxe5 Bxe5 11. Qc2 Qb6 12. O-O-O Na6 13. Nf3 Bf6 14. Bg5 Nb4
15. Qb3 Be6 16. Bxf6 gxf6 17. a3 Na6 18. Qc3 Ke7 19. Nd4 Rhd8 20. Rhe1 Nc5 21.
Bc2 1-0

[Event "19th Dubai Open 2017"]
[Site "Dubai UAE"]
[Date "2017.04.05"]
[Round "3.5"]
[White "Pichot, Alan"]
[Black "Jones, Gawain C B"]
[Result "1-0"]
[WhiteTitle "GM"]
[BlackTitle "GM"]
[WhiteElo "2556"]
[BlackElo "2671"]
[WhiteFideId "110973"]
[BlackFideId "409561"]
[EventDate "2017.04.03"]

1. e4 e5 2. Nf3 Nc6 3. Bb5 a6 4. Ba4 Nf6 5. O-O b5 6. Bb3 Bc5 7. a4 Rb8 8. c3 d6
9. d4 Bb6 10. axb5 axb5 11. Qd3 Bd7 12. Na3 O-O 13. Nxb5 exd4 14. cxd4 Nb4 15.
Qc4 Bxb5 16. Qxb5 Bxd4 17. Qc4 Bc5 18. e5 Nd7 19. Bg5 Qe8 20. exd6 cxd6 21. Bd2
d5 22. Qh4 Qe4 23. Qh3 Nf6 24. Rac1 Nd3 25. Bc2 Nxc1 26. Bxe4 Ne2+ 27. Kh1 dxe4
28. Ne5 Rfe8 29. Nc4 Rbd8 30. Bg5 Re6 31. Qb3 Rd3 32. Qb8+ Re8 33. Qb5 Nd7 34.
Be3 Rc8 35. Qb7 Rd8 36. Qxe4 Nf6 37. Qf3 Nd4 38. Qb7 Ne6 39. Ne5 Rd1 40. Qxf7+
Kh8 41. Kg1 Nf4 42. Bxf4 Ne4 43. Be3 Bxe3 44. fxe3 h6 45. Ng6+ Kh7 46. Nf8+ Kh8
47. Ne6 Rxf1+ 48. Kxf1 Rd1+ 49. Ke2 Rd2+ 50. Ke1 1-0

[Event "19th Dubai Open 2017"]
[Site "Dubai UAE"]
[Date "2017.04.05"]
[Round "3.7"]
[White "Xu, Xiangyu"]
[Black "Sargissian, Gabriel"]
[Result "1/2-1/2"]
[WhiteTitle "IM"]
[BlackTitle "GM"]
[WhiteElo "2503"]
[BlackElo "2666"]
[WhiteFideId "8608288"]
[BlackFideId "13300881"]
[EventDate "2017.04.03"]

1. d4 Nf6 2. c4 e6 3. g3 d5 4. Bg2 Bb4+ 5. Nd2 O-O 6. Nf3 b6 7. O-O Bb7 8. Ne5
Nbd7 9. Qa4 Bd6 10. Nxd7 Qxd7 11. Qxd7 Nxd7 12. cxd5 Bxd5 13. e4 Bb7 14. Rd1 Be7
15. Nc4 f5 16. exf5 Bxg2 17. Kxg2 Rxf5 18. Re1 Kf7 19. Bf4 Rd5 20. Rad1 Rc8 21.
Be5 Nxe5 22. Nxe5+ Ke8 23. Nf3 Rd6 24. Re4 Bf6 25. g4 h6 26. h4 c5 27. Rc1 Kd7
28. dxc5 Rxc5 29. Rxc5 bxc5 30. b3 Kc6 31. Re2 Kd5 32. Kg3 Ra6 33. Rc2 Ke4 34.
Rxc5 Rxa2 35. g5 Ba1 36. gxh6 gxh6 37. Rc7 e5 38. Ne1 Bd4 39. f3+ Kf5 40. Nc2
Bb6 41. Rc3 h5 42. Ne3+ Ke6 43. f4 exf4+ 44. Kxf4 Rh2 45. Nf5 Rf2+ 46. Ke4 Kd7
47. Rd3+ Kc6 48. Ne7+ Kb5 49. Rd5+ Kb4 50. Nc6+ Kxb3 51. Rxh5 Re2+ 52. Kf5 Rc2
53. Rh6 a5 54. Nxa5+ Bxa5 55. Re6 Rh2 56. Kg4 Kc4 57. Rd6 Bb4 58. Rd7 Kc5 59. h5
Kc6 60. Rd3 Bd6 61. Rh3 Rg2+ 62. Kf5 Rf2+ 63. Ke6 Re2+ 64. Kf5 Kd7 65. h6 Be5
66. h7 Bh8 67. Ra3 1/2-1/2

[Event "19th Dubai Open 2017"]
[Site "Dubai UAE"]
[Date "2017.04.05"]
[Round "3.8"]
[White "Rakhmanov, Aleksandr"]
[Black "Tania, Sachdev"]
[Result "1/2-1/2"]
[WhiteTitle "GM"]
[BlackTitle "IM"]
[WhiteElo "2665"]
[BlackElo "2429"]
[WhiteFideId "4173708"]
[BlackFideId "5007844"]
[EventDate "2017.04.03"]

1. c4 e5 2. Nf3 Nc6 3. d4 d6 4. Nc3 g6 5. g3 Bg7 6. dxe5 Nxe5 7. Nxe5 Bxe5 8.
Bg2 Ne7 9. O-O O-O 10. Bh6 Bg7 11. Bxg7 Kxg7 12. Qd4+ f6 13. Rad1 Nc6 14. Qd2
Be6 15. Nd5 Qd7 16. Qc3 Qf7 17. b3 a5 18. Nf4 a4 19. Bd5 Bxd5 20. cxd5 Nd8 21.
b4 Re8 22. Rd2 Re7 23. a3 Qe8 24. Qf3 Kg8 25. Rc1 Nf7 26. Rdc2 Ne5 27. Qe4 Qf7
28. Ne6 c6 29. Qd4 g5 30. f4 Nd7 31. fxg5 fxg5 32. Nxg5 Qxd5 33. Qxd5+ cxd5 34.
Rc8+ Rxc8 35. Rxc8+ Kg7 36. Rd8 Nb6 37. Rxd6 Nc4 38. Rxd5 Nxa3 39. Nf3 Rxe2 40.
Rd7+ Kf6 41. Rxb7 Nc4 42. Rc7 Ne3 43. Rc6+ Ke7 44. Nd4 Rg2+ 45. Kh1 Rd2 46. Re6+
Kf7 47. Rxe3 Rxd4 48. b5 Rb4 49. Ra3 Ke7 50. Kg2 Kd6 51. h4 Kc5 52. Rc3+ Kxb5
53. Rc7 h5 54. Ra7 Kb6 55. Ra8 Kb5 56. Kf3 Kb6 57. Ke3 Rg4 58. Kf2 Rc4 59. Kf3
Kb5 60. Rb8+ Ka5 61. Ra8+ Kb4 62. Rb8+ Ka5 63. Ra8+ Kb4 64. Rb8+ Ka5 65. Ra8+
Kb4 1/2-1/2

[Event "19th Dubai Open 2017"]
[Site "Dubai UAE"]
[Date "2017.04.05"]
[Round "3.9"]
[White "Salomon, Johan"]
[Black "Amin, Bassem"]
[Result "1/2-1/2"]
[WhiteTitle "IM"]
[BlackTitle "GM"]
[WhiteElo "2487"]
[BlackElo "2663"]
[WhiteFideId "1509500"]
[BlackFideId "10601457"]
[EventDate "2017.04.03"]

1. Nf3 Nf6 2. g3 g6 3. Bg2 Bg7 4. O-O O-O 5. d4 d6 6. b3 e5 7. dxe5 dxe5 8. Ba3
Qxd1 9. Rxd1 Re8 10. c4 e4 11. Nd4 e3 12. f3 c6 13. Nc3 h5 14. Rd3 Na6 15. Rad1
Bf8 16. Bxf8 Kxf8 17. Ne4 Nxe4 18. fxe4 Nb4 19. Rxe3 Rd8 20. a3 Nc2 21. Red3
Nxd4 22. Rxd4 Rxd4 23. Rxd4 Be6 24. c5 a5 25. b4 axb4 26. axb4 Ke7 27. e5 Ra3
28. Kf2 Rb3 29. Be4 Bh3 30. Bd3 Rc3 31. Rc4 Rb3 32. Rd4 Ra3 33. Rf4 Be6 34. h4 1/2-1/2

[Event "19th Dubai Open 2017"]
[Site "Dubai UAE"]
[Date "2017.04.05"]
[Round "3.10"]
[White "Mareco, Sandro"]
[Black "Viani, Antonio Dcunha"]
[Result "1-0"]
[WhiteTitle "GM"]
[BlackTitle "IM"]
[WhiteElo "2655"]
[BlackElo "2410"]
[WhiteFideId "112275"]
[BlackFideId "5027330"]
[EventDate "2017.04.03"]

1. d4 f5 2. Nf3 Nf6 3. g3 g6 4. Bg2 Bg7 5. O-O O-O 6. b3 d6 7. Bb2 Qe8 8. Nbd2
Nc6 9. Nc4 Ne4 10. e3 b5 11. Ncd2 Nxd2 12. Qxd2 Rb8 13. Rfd1 e5 14. dxe5 Nxe5
15. Nxe5 Bxe5 16. Bxe5 Qxe5 17. Qa5 Qc5 18. c4 Qb6 19. Qxb6 axb6 20. cxb5 Bb7
21. Bf1 Rbd8 22. Rd4 Rd7 23. Rc1 d5 24. a4 Kf7 25. b4 Ra8 26. Ra1 h6 27. a5 Rad8
28. Rc1 Ke6 29. Bg2 Rf8 30. Kf1 Rfd8 31. Ke2 Ke5 32. Rd2 Rg8 33. Kd3 Rb8 34.
Rdc2 Kd6 35. a6 Ba8 36. Rc6+ Bxc6 37. Rxc6+ Ke7 38. Rxg6 Rbd8 39. Rxh6 1-0

[Event "19th Dubai Open 2017"]
[Site "Dubai UAE"]
[Date "2017.04.05"]
[Round "3.11"]
[White "Yilmaz, Mustafa"]
[Black "Hesham, Abdelrahman"]
[Result "1-0"]
[WhiteTitle "GM"]
[BlackTitle "GM"]
[WhiteElo "2614"]
[BlackElo "2348"]
[WhiteFideId "6302718"]
[BlackFideId "10600183"]
[EventDate "2017.04.03"]

1. c4 Nf6 2. Nc3 g6 3. d4 Bg7 4. e4 d6 5. Nf3 O-O 6. Be2 e5 7. O-O Nc6 8. d5 Ne7
9. b4 a5 10. Ba3 axb4 11. Bxb4 Re8 12. a4 Bf8 13. Qc2 c5 14. Ba3 Bh6 15. Bc1
Bxc1 16. Qxc1 Rf8 17. Qh6 Kh8 18. Ne1 Nd7 19. Qd2 f6 20. Nd3 g5 21. Rfb1 Rg8 22.
Bg4 f5 23. Bxf5 Nxf5 24. exf5 Nf6 25. Nd1 g4 26. Ne3 Ne4 27. Qc2 Qf6 28. Rb6 h5
29. Rab1 h4 30. Nxg4 Rxg4 31. f3 Rxg2+ 32. Qxg2 Bxf5 33. Rxb7 Ng5 34. Rb8+ Rxb8
35. Rxb8+ Kh7 36. Rb7+ Kh8 37. Ne1 Kg8 38. a5 e4 39. f4 Bc8 40. Rb8 Qxf4 41.
Rxc8+ Kh7 42. Rf8 1-0

[Event "19th Dubai Open 2017"]
[Site "Dubai UAE"]
[Date "2017.04.05"]
[Round "3.12"]
[White "Kotanjian, Tigran"]
[Black "Gupta, Abhijeet"]
[Result "1/2-1/2"]
[WhiteTitle "GM"]
[BlackTitle "GM"]
[WhiteElo "2469"]
[BlackElo "2607"]
[WhiteFideId "13301250"]
[BlackFideId "5010608"]
[EventDate "2017.04.03"]

1. c4 Nf6 2. Nc3 e5 3. Nf3 Nc6 4. a3 g6 5. g3 Bg7 6. Bg2 O-O 7. O-O d6 8. d3 Nd4
9. b4 c6 10. b5 Bg4 11. bxc6 bxc6 12. Nxd4 exd4 13. Ne4 Nxe4 14. Bxe4 d5 15.
cxd5 cxd5 16. Bg2 Qd7 17. Re1 Rab8 18. Bf4 Rbc8 19. Qb3 Be6 20. a4 h6 21. h4
Rfd8 22. a5 Rc3 23. Qb4 a6 24. Reb1 Bg4 25. Ra2 Re8 26. Qb7 Qxb7 27. Rxb7 Rc5
28. Bd6 Rc1+ 29. Kh2 Bxe2 30. Bxd5 Bxd3 31. Bxf7+ Kh8 32. f3 Rec8 33. Bf4 R1c5
34. Be6 Re8 35. Bf7 Rec8 36. Be6 Re8 37. Bf7 1/2-1/2

[Event "19th Dubai Open 2017"]
[Site "Dubai UAE"]
[Date "2017.04.05"]
[Round "3.13"]
[White "Pascua, Haridas"]
[Black "Mchedlishvili, Mikheil"]
[Result "1/2-1/2"]
[WhiteTitle "IM"]
[BlackTitle "GM"]
[WhiteElo "2441"]
[BlackElo "2602"]
[WhiteFideId "5203953"]
[BlackFideId "13600966"]
[EventDate "2017.04.03"]

1. d4 Nf6 2. c4 g6 3. Nc3 d5 4. cxd5 Nxd5 5. e4 Nxc3 6. bxc3 Bg7 7. Nf3 c5 8.
Be3 Qa5 9. Qd2 O-O 10. Rc1 Rd8 11. d5 e6 12. c4 Qxd2+ 13. Nxd2 Na6 14. Bd3 b6
15. Bb1 f5 16. O-O fxe4 17. Bg5 Re8 18. Bxe4 Bb7 19. d6 Bxe4 20. Nxe4 Nb8 21.
Nf6+ Bxf6 22. Bxf6 Rf8 23. Bg5 Nd7 24. f4 Nf6 25. Rfe1 Kf7 26. Rcd1 Rad8 27. Rd3
Rd7 28. a4 Rfd8 29. Red1 Re8 30. Re1 Rc8 31. Bxf6 Kxf6 32. Kf2 Rcd8 33. Red1 Re8
34. Re1 Red8 35. Red1 e5 36. fxe5+ Kxe5 37. Rd5+ Ke6 38. Re1+ Kf6 39. Red1 Re8
40. Kf3 Re5 41. R5d3 Ke6 42. h4 Rf7+ 43. Kg3 Kd7 44. a5 Re8 45. axb6 axb6 46.
Rb1 Rb8 47. Kg4 Kc6 48. Kg5 Rf5+ 49. Kg4 Rf7 50. h5 gxh5+ 51. Kxh5 Rd7 52. g4
Rxd6 53. Rxd6+ Kxd6 54. Kh6 Rb7 55. Rd1+ Ke5 56. Rd8 b5 57. cxb5 c4 58. Rc8 Kd4
59. b6 c3 60. g5 Kd3 61. Rc7 c2 62. Rxb7 c1=Q 63. Rxh7 Qc6+ 64. g6 Qxb6 65. Rf7
Ke4 66. Kh7 Qe6 67. Kh6 Ke5 68. Kh7 Qh3+ 69. Kg7 Qc3 70. Kh7 Ke6 71. Kg8 Qc8+
72. Kg7 Qd8 73. Kh7 Qd3 74. Kg7 Ke5 1/2-1/2

[Event "19th Dubai Open 2017"]
[Site "Dubai UAE"]
[Date "2017.04.05"]
[Round "3.14"]
[White "Adly, Ahmed"]
[Black "Grigoryan, Karen"]
[Result "1-0"]
[WhiteTitle "GM"]
[BlackTitle "IM"]
[WhiteElo "2597"]
[BlackElo "2308"]
[WhiteFideId "10601619"]
[BlackFideId "14000121"]
[EventDate "2017.04.03"]

1. d4 Nf6 2. Nf3 b6 3. g3 Bb7 4. Bg2 c5 5. c4 cxd4 6. O-O g6 7. Qxd4 Bg7 8. Nc3
O-O 9. Qh4 d6 10. Nd5 Nbd7 11. Nd4 Rb8 12. Rd1 e6 13. Nb4 Bxg2 14. Kxg2 Rc8 15.
Nb5 a5 16. Nd3 Rc6 17. Kg1 Qe7 18. b3 Nc5 19. Ba3 h6 20. Rac1 Rd8 21. Qh3 Kh7
22. Rc2 Rcc8 23. Qg2 Rd7 24. Nb2 Qd8 25. Qf3 Nfe4 26. Nd3 f5 27. Nf4 Qe7 28. Qe3
g5 29. Nd3 Rcd8 30. f3 Nf6 31. Nd4 Qf7 32. Rcd2 Re8 33. Nb5 Red8 34. Nb2 Bf8 35.
Na4 Nxa4 36. bxa4 d5 37. Bxf8 Qxf8 38. Qxe6 1-0

[Event "19th Dubai Open 2017"]
[Site "Dubai UAE"]
[Date "2017.04.05"]
[Round "3.15"]
[White "Asadli, Vugar"]
[Black "Tari, Aryan"]
[Result "1/2-1/2"]
[WhiteTitle "IM"]
[BlackTitle "GM"]
[WhiteElo "2431"]
[BlackElo "2597"]
[WhiteFideId "13405764"]
[BlackFideId "1510045"]
[EventDate "2017.04.03"]

1. e4 c6 2. d4 d5 3. e5 Bf5 4. Nf3 e6 5. Be2 Ne7 6. O-O h6 7. Nbd2 Nd7 8. Nb3 g5
9. Ne1 c5 10. Nxc5 Nxc5 11. dxc5 Nc6 12. Bd3 Be4 13. Qe2 Bxc5 14. Bxe4 dxe4 15.
Qxe4 Qd4 16. Qxd4 Bxd4 17. Nf3 Bxe5 18. Nxe5 Nxe5 19. b3 Nc6 20. Bb2 e5 21. f4
gxf4 22. Rxf4 exf4 23. Bxh8 O-O-O 24. Bc3 Nd4 25. Re1 f3 26. Bxd4 Rxd4 27. gxf3
Rd2 28. Re8+ Kd7 29. Rb8 Kc7 30. Rf8 Rxc2 31. Rxf7+ Kc8 32. f4 Rxa2 33. f5 1/2-1/2

[Event "19th Dubai Open 2017"]
[Site "Dubai UAE"]
[Date "2017.04.05"]
[Round "3.16"]
[White "Vignesh, N R"]
[Black "Pantsulaia, Levan"]
[Result "1/2-1/2"]
[WhiteTitle "IM"]
[BlackTitle "GM"]
[WhiteElo "2411"]
[BlackElo "2589"]
[WhiteFideId "25012215"]
[BlackFideId "13602071"]
[EventDate "2017.04.03"]

1. e4 c5 2. Nf3 e6 3. d4 cxd4 4. Nxd4 a6 5. c4 Nf6 6. Nc3 Qc7 7. a3 Nc6 8. Be3
Ne5 9. Be2 Ng6 10. Qd2 Be7 11. O-O O-O 12. b4 d6 13. Rac1 Bd7 14. Rfd1 Rfc8 15.
f3 b6 16. Bf1 Qb7 17. Nb3 Ne5 18. Qd4 Rab8 19. b5 Be8 20. Na4 Nfd7 21. Rb1 Ra8
22. Nxb6 Qxb6 23. Qxb6 Nxb6 24. Bxb6 Nxc4 25. Bxc4 Rxc4 26. bxa6 Rxa6 27. Ba5
Ba4 28. Bb4 Kf8 29. Na5 Rxb4 30. axb4 Bxd1 31. Rxd1 Rb6 32. Rb1 Rb5 33. Nc6 Bf6
34. Kf1 Ke8 35. Na7 Rh5 36. h3 Kd7 37. Rc1 Bd8 38. Nc6 Bc7 39. Nd4 Bb6 40. Rd1
d5 41. Ne2 Kc6 42. Nf4 Re5 43. Nd3 Rh5 44. g4 Rxh3 45. Kg2 Rh6 46. Ne5+ Kb5 47.
exd5 exd5 48. Rxd5+ Kxb4 49. Nxf7 1/2-1/2

[Event "19th Dubai Open 2017"]
[Site "Dubai UAE"]
[Date "2017.04.05"]
[Round "3.17"]
[White "Dimakiling, Oliver"]
[Black "Antipov, Mikhail Al."]
[Result "0-1"]
[WhiteTitle "IM"]
[BlackTitle "GM"]
[WhiteElo "2406"]
[BlackElo "2586"]
[WhiteFideId "5202248"]
[BlackFideId "4107012"]
[EventDate "2017.04.03"]

1. Nf3 Nf6 2. c4 e6 3. b3 d5 4. e3 c5 5. Bb2 Nc6 6. cxd5 Nxd5 7. Be2 Be7 8. O-O
O-O 9. Nc3 b6 10. Rc1 Bb7 11. Qc2 Nxc3 12. dxc3 Bd6 13. Rcd1 Qe7 14. e4 Rad8 15.
Nd2 g5 16. Nc4 Bc7 17. a4 Ne5 18. Ne3 Qf6 19. Bc1 h5 20. Bxh5 Qh8 21. Qe2 Bxe4
22. g3 Bd3 23. Rxd3 Nxd3 24. Bd2 Ne5 25. Bc1 f5 26. f4 g4 27. fxe5 Qxh5 28. Qc4
Qg6 29. Ng2 Bxe5 30. Re1 Rd5 31. Ne3 Rd6 32. b4 f4 33. Nf1 Qf5 34. Re4 Bd4+ 35.
Rxd4 cxd4 36. Bxf4 dxc3 37. Qxc3 Rd1 38. Qc4 Rf7 39. Qc8+ Kh7 40. Qc6 Qd3 0-1

[Event "19th Dubai Open 2017"]
[Site "Dubai UAE"]
[Date "2017.04.05"]
[Round "3.18"]
[White "Can, Emre"]
[Black "Blagojevic, Tijana"]
[Result "1-0"]
[WhiteTitle "GM"]
[BlackTitle "WIM"]
[WhiteElo "2578"]
[BlackElo "2261"]
[WhiteFideId "6302181"]
[BlackFideId "16500270"]
[EventDate "2017.04.03"]

1. d4 d5 2. c4 c6 3. Nf3 Nf6 4. e3 Bg4 5. h3 Bh5 6. g4 Bg6 7. Ne5 e6 8. Nd2 Nfd7
9. Nxg6 hxg6 10. Bg2 Be7 11. O-O g5 12. e4 Nb6 13. c5 N6d7 14. b4 Nf8 15. exd5
exd5 16. Re1 Ne6 17. Nf3 Nd7 18. b5 O-O 19. Qa4 Qc7 20. Rb1 Bf6 21. Be3 Rfe8 22.
Bf1 Ndf8 23. Rb4 cxb5 24. Bxb5 Re7 25. Bf1 Ng6 26. Qb3 a5 27. Ra4 Nef4 28. Rb1
Rae8 29. Qb6 Qc8 30. Rb3 Re4 31. Qxb7 Nxh3+ 32. Bxh3 Rxg4+ 33. Kf1 Qf5 34. Nh2
Rg1+ 35. Kxg1 Qxh3 36. Qxd5 Nf4 37. Qf3 Qf5 38. Rxa5 Re4 39. Bxf4 gxf4 40. Ra8+
Kh7 41. Qh3+ 1-0

[Event "19th Dubai Open 2017"]
[Site "Dubai UAE"]
[Date "2017.04.05"]
[Round "3.20"]
[White "Ahmadzada, Ahmad"]
[Black "Safarli, Eltaj"]
[Result "0-1"]
[WhiteTitle "FM"]
[BlackTitle "GM"]
[WhiteElo "2355"]
[BlackElo "2680"]
[WhiteFideId "13413007"]
[BlackFideId "13402129"]
[EventDate "2017.04.03"]

1. e4 e5 2. Nf3 Nc6 3. Bc4 Bc5 4. c3 Nf6 5. d4 exd4 6. cxd4 Bb4+ 7. Bd2 Nxe4 8.
Bxb4 Nxb4 9. Bxf7+ Kxf7 10. Qb3+ d5 11. Qxb4 Rf8 12. Nc3 Kg8 13. Nxe4 dxe4 14.
Qc4+ Kh8 15. Ne5 Qe7 16. O-O c6 17. Rae1 Be6 18. Qc3 Bd5 19. f3 Qh4 20. fxe4
Rxf1+ 21. Kxf1 Bxe4 22. Qe3 Bd5 23. Kg1 Rf8 24. a3 Kg8 25. Re2 Qh5 26. Nd7 Rd8
27. Ne5 Re8 28. b4 h6 29. Re1 Rf8 30. h3 Qf5 31. Qd2 a6 32. Rc1 Rf6 33. Qe3 h5
34. Qd2 Qf4 35. Qxf4 Rxf4 36. Rd1 g5 37. g3 Re4 38. Kf2 Kg7 39. Nf3 Kf6 40. Re1
Rxe1 41. Nxe1 Be6 42. h4 gxh4 43. gxh4 Kf5 44. Nd3 Kg4 45. Nc5 Bc8 46. Ne4 b6
47. a4 Kxh4 48. Kf3 Bf5 49. Nd6 Kg5 50. a5 bxa5 51. bxa5 h4 52. Nb7 Bg4+ 53. Kg2
Kf4 54. Nc5 Bc8 55. Nd3+ Ke4 56. Ne5 c5 0-1

[Event "19th Dubai Open 2017"]
[Site "Dubai UAE"]
[Date "2017.04.05"]
[Round "3.21"]
[White "Oleksiyenko, Mykhaylo"]
[Black "Nitin, S."]
[Result "1-0"]
[WhiteTitle "GM"]
[BlackTitle "IM"]
[WhiteElo "2643"]
[BlackElo "2432"]
[WhiteFideId "4152417"]
[BlackFideId "5018277"]
[EventDate "2017.04.03"]

1. d4 Nf6 2. c4 g6 3. Nc3 Bg7 4. e4 d6 5. f3 O-O 6. Nge2 c6 7. Be3 e5 8. Qd2
Nbd7 9. d5 cxd5 10. cxd5 a6 11. g4 h5 12. g5 Nh7 13. Nc1 f6 14. gxf6 Rxf6 15.
Be2 Ndf8 16. Nd3 Bh3 17. Rg1 Rc8 18. O-O-O Rf7 19. Kb1 Bd7 20. f4 exf4 21. Nxf4
Rxc3 22. bxc3 Nf6 23. Ne6 Nxe6 24. dxe6 Nxe4 25. exf7+ Kf8 26. Qd3 Nxc3+ 27.
Qxc3 Bxc3 28. Rgf1 Bf5+ 29. Rxf5 gxf5 30. Bc4 Qe7 31. Bh6+ Bg7 32. Bxg7+ Kxg7
33. Rg1+ Kh7 34. Be6 Qf6 35. h4 f4 36. Rg5 f3 37. Bf5+ Kh6 38. Rg6+ Qxg6 39.
f8=Q+ 1-0